banner koha

Parâmetros citológicos e bioquímicos do líquido cefalorraquidiano coletado de bovinos sadios em dois momentos, com intervalo de 96 horas (Registro n. 300761)

MARC details
000 -LÍDER
fixed length control field 04036nab a2200349 i 4500
003 - CÓDIGO MARC DA AGÊNCIA CATALOGADORA
Campo de controle BR-BrBNA
005 - DATA E HORA DA ÚLTIMA ATUALIZAÇÃO
Campo de controle 20240806152858.0
008 - CAMPO DE TAMANHO FIXO
fixed length control field 240806b2017 bl.|r|pooa||| 00| 0 por |
040 ## - FONTE DA CATALOGAÇÃO
Agência catalogadora BR-BrBNA
Idioma da catalogação por
072 ## - CATEGORIA AGRIS
Código AGRIS L50
Código do objeto 5214
100 ## - ENTRADA PRINCIPAL - NOME PESSOAL
Nome pessoal Cunha, P.H.J.
100 ## - ENTRADA PRINCIPAL - NOME PESSOAL
Nome pessoal Andrade, D.G.A.
100 ## - ENTRADA PRINCIPAL - NOME PESSOAL
Nome pessoal Oliveira-Filho, J.P.
100 ## - ENTRADA PRINCIPAL - NOME PESSOAL
Nome pessoal Badial, P.R.
100 ## - ENTRADA PRINCIPAL - NOME PESSOAL
Nome pessoal Passarelli, D.
100 ## - ENTRADA PRINCIPAL - NOME PESSOAL
Nome pessoal Takahira, R.K.
100 ## - ENTRADA PRINCIPAL - NOME PESSOAL
Nome pessoal Lisboa, J.A.N.
100 ## - ENTRADA PRINCIPAL - NOME PESSOAL
Nome pessoal Borges, A.S.
245 ## - TÍTULO PRINCIPAL
Título principal Parâmetros citológicos e bioquímicos do líquido cefalorraquidiano coletado de bovinos sadios em dois momentos, com intervalo de 96 horas
500 ## - NOTA GERAL
Nota geral <br/>Publicação online; 18 ref.; 2 tables; Summaries (En, Pt)<br/><br/>
942 ## - ADDED ENTRY ELEMENTS (KOHA)
Koha item type
520 ## - NOTA DE RESUMO
Nota de conteúdo <br/><br/>RESUMO - A análise do líquido cefalorraquidiano (LCR) é uma importante ferramenta no diagnóstico das doenças neurológicas dos bovinos. A coleta do LCR em diferentes momentos facilita o monitoramento do quadro clínico e/ou a avaliação da eficácia de tratamentos estabelecidos. Todavia, os efeitos de coletas consecutivas sobre os parâmetros citológicos e bioquímicos do LCR de bovinos saudáveis ainda não foram analisados. Dessa forma, o objetivo do presente estudo foi avaliar potenciais diferenças citológicas e bioquímicas no LCR de bovinos sadios, obtidos em dois momentos, com intervalo de 96 horas. O LCR foi submetido à análise citológica e à determinação do teor de proteína total. Na segunda coleta, verificou-se aumento significativo da celularidade, porém ainda dentro do intervalo de referência para a espécie, diminuição de linfócitos e elevação de células mononucleares em relação à primeira coleta. No entanto, os números de hemácias (/µL), células nucleadas (/µL), neutrófilos (%), eosinófilos (%) e a concentração da proteína total (mg/dL) continuaram dentro dos valores de referência 96 horas após a realização da primeira punção. Conclui-se que os procedimentos de coleta de LCR consecutivos não provocaram inflamação local detectável 96 horas após a primeira punção, o que sugere que, quando necessário, coletas de LCR seriadas, por si só, não interfeririam nos resultados do exame.<br/><br/><br/>Palavras-chave: bovinos, líquido cefalorraquidiano, inflamação
520 ## - NOTA DE RESUMO
Nota de conteúdo <br/><br/>ABSTRACT - The analysis of cerebrospinal fluid (CSF) is important for the diagnosis of neurological diseases in cattle. However, the effect of consecutive collections on the cytological and biochemical parameters of the CSF has not been evaluated yet. The objective of the present study was to evaluate potential differences on the cytological and biochemical analysis of CSF obtained from healthy cattle at two sampling times with 96 hours of interval in between. Total and differential cell counts, and total protein concentration were analyzed in the CSF. Increased cellularity and significant reduction of lymphocyte and elevated numbers of mononuclear cells were observed on the second collection. However, erythrocyte count (/µl), total leukocyte count (/µl), neutrophils (%), eosinophils (%) and total protein concentration (mg/dl) remained within the reference range 96 hours after the completion of the first puncture. In conclusion, consecutive CSF collections cause no detectable local inflammation 96 hours after the first puncture suggesting that repeated collections do not interfere in the CSF results.<br/><br/><br/>Keywords: cattle, cerebrospinal fluid, inflammation
650 ## - ASSUNTO - THESAGRO
Cabeçalho tópico ou nome geográfico GADO HOLANDÊS
650 ## - ASSUNTO - THESAGRO
Cabeçalho tópico ou nome geográfico GADO MESTIÇO
650 ## - ASSUNTO - THESAGRO
Cabeçalho tópico ou nome geográfico INFLAMAÇÃO
650 ## - ASSUNTO - THESAGRO
Cabeçalho tópico ou nome geográfico SISTEMA NERVOSO
650 ## - ASSUNTO - THESAGRO
Cabeçalho tópico ou nome geográfico BIOQUÍMICA ANIMAL
773 0# - ENTRADA ANALÍTICA
Host Biblionumber 1643
Registro do item 316504
Imprenta Belo Horizonte-MG Universidade Federal de Minas Gerais - Escola de Veterinaria 1983
Outro identificador 2024-2999
Título Arquivo Brasileiro de Medicina Veterinária e Zootecnia (Brazil)
ISSN 0102-0935
Colação v. 69(6) p. 1393-1397; (2017)
Número de controle de registro BR2024002225
856 ## - ACESSO E ENDEREÇO ELETRÔNICO
Identificador uniforme de recurso - URI https://www.scielo.br/j/abmvz/a/pwQyXcfJrY9yhjbGCs3kKMq/?format=pdf&lang=pt

Nenhum exemplar disponível.

BINAGRI

Telefone: (61)3218-2567/2388/3357/2097 - binagri@agro.gov.br

Ministério da Agricultura e Pecuária , Esplanada dos Ministérios, Bloco D, Anexo B, Brasília/DF, CEP: 70.043-900